000 01444nam0a22003011 4500
001 rc\3732490
005 20250610105147.0
021 _aRU
_b[74-19711ж]
035 _a(NLR Aleph) 007866570
090 _a7830407
_c7830407
100 _a20130115d1973 |||y0rusy50 ca
101 0 _arus
102 _aRU
105 _ay z |||||
200 1 _aСовершенствование системы ведения сельского хозяйства на Дальнем Востоке
_e[Сборник статей
_fРед. коллегия: акад. Г.Т. Казьмин и др.]
210 _aХабаровск
_cБ. и.
_d1973
215 _a128 с.
_d20
225 1 _aДальневосточный научно-исследовательский институт сельского хозяйства. Труды
_vТ. 14
300 _aНа обл. загл.: Труды по экономике, растениеводству, животноводству
512 0 _aТруды по экономике, растениеводству, животноводству
606 _aСельское хозяйство
_yДальний Восток СССР
_2psbo
702 1 _4340
_7ca
_8rus
_aКазьмин
_bГ.Т.
_f1916-2001
_gГригорий Тихонович
_9246249
_3RU\NLR\AUTH\770246305
801 0 _aRU
_bNLR
_gpsbo
801 1 _aRU
_bELAR
_2rusmarc
852 _aNLR
_jП13/1082
942 _cBOOK
980 _aNB